000 00284nam a22001097a 4500
008 160518b xxu||||| |||| 00| 0 eng d
020 _a08898545
041 _aeng
080 _a612.39
245 _aObstetrics and gynecology clincs of north america:
_cGary A. Dildy MD;
942 _2udc
_cBK
999 _c2216
_d2216